Statistics for Mystery Category #3

Click here to take the quiz!

General Stats

  • This quiz has been taken 551 times
  • The average score is 7 of 13

Answer Stats

Lose a Letter, UnscrambleNew Word% Correct
ABOUTTUBA
97%
GRAPHHARP
87%
Mystery CategoryMUSICAL INSTRUMENTS
81%
JOVIALVIOLA
80%
DEMURDRUM
79%
UNFELTFLUTE
67%
EARLYLYRE
62%
FIELDEDFIDDLE
41%
BELUGABUGLE
38%
CERTAINLYCLARINET
36%
MONARCHIALHARMONICA
31%
DENOMINALMANDOLIN
18%
MACARONIOCARINA
6%

Score Distribution

Percentile by Number Answered

Percent of People with Each Score

Your Score History

You have not taken this quiz